00996nac a2200301 i 4500003000900000005001700009008004100026020001500067020001500082020001800097040003300115043001200148050002300160082001400183100002100197245004500218250001700263264006000280300006100340336002600401337002800427338002700455504005300482650001700535650002600552650005600578856006000634EG-GICUC20260121101542.0940329s1994 txua frb 001 0 eng d a0155011170 a0697274632 a9780155011175 aDLCcDLCbengdEG-GiCUCerda an-us---00aHV6025b.R515 199404221a343.61 aReid, Sue Titus.10aCrime and criminology /cSue Titus Reid. a7th edition. aFort Worth :bHarcourt Brace College Publishers,c1994. axxviii, 729 page :billustrations (some color) ;c24 cm. atextbtxt2rdacontent aunmediatedbn2rdamedia avolumebnc2rdacarrier aIncludes bibliographical references and indexes. 0aCriminology. 0aCrimezUnited States. 0aCriminal justice, Administration ofzUnited States.40uhttps://fll.law.cu.edu.eg/fulltext/bks/ENGB10-00096.pdf